00616 2200205 4500001002100000005001500021035002000036007000300056008004100059082001800100084002400118245007100142250000900213260005700222300002500279650002300304110003900327990002200366990002200388INLIS00000000000576920260429031304 a0010-0426000054ta260429 0 ind  a631.1:316.472 a631.1:316.472 PUS b1 aBuku Saku Penyuluh Pertanian /cPusat Penyuluhan Pertanian BPPSDMP aEd.1 aJakarta :bPusat Penyuluhan Pertanian BPPSDMP,c2012 aiv, 116 hal. :bIlus 4aPenyuluh Pertanian2 aPusat Penyuluhan Pertanian BPPSDMP a5143/BPPSDMP/2026 a5143/BPPSDMP/2026